أذن الأرنب / (رقم التسجيلة. 43532)

تفاصيل مارك
000 -LEADER
fixed length control field 00688nam a22002057a 4500
005 - DATE AND TIME OF LATEST TRANSACTION
control field 20251108170547.0
008 - FIXED-LENGTH DATA ELEMENTS--GENERAL INFORMATION
fixed length control field 250721s1997 xx 000 0 ara d
020 ## - INTERNATIONAL STANDARD BOOK NUMBER
International Standard Book Number 9772020971
082 14 - DEWEY DECIMAL CLASSIFICATION NUMBER
Classification number ط/ق/عبد
100 1# - MAIN ENTRY--PERSONAL NAME
Personal name عبد الباقي، سمير
Relator term راوي
245 10 - TITLE STATEMENT
Title أذن الأرنب /
264 1# - PRODUCTION, PUBLICATION, DISTRIBUTION, MANUFACTURE, AND COPYRIGHT NOTICE
Place of production, publication, distribution, manufacture [القاهرة] :
Name of producer, publisher, distributor, manufacturer دار الشعب،
Date of production, publication, distribution, manufacture, or copyright notice 1997.
300 ## - PHYSICAL DESCRIPTION
Extent 26ص . : مص.
490 0# - SERIES STATEMENT
Series statement حكايات من هنا و من هناك : حكاية من الشمال .
650 17 - SUBJECT ADDED ENTRY--TOPICAL TERM
Topical term or geographic name as entry element القصص العربية
653 ## - INDEX TERM--UNCONTROLLED
Uncontrolled term أطفال مرحلة متوسطة ( 6-9 سنوات )
700 1# - ADDED ENTRY--PERSONAL NAME
Personal name عبد الباقي، فيروز
Relator term Cart.
942 ## - ADDED ENTRY ELEMENTS (KOHA)
Source of classification or shelving scheme Dewey Decimal Classification
Koha item type كتب
المقتنيات
حالة السحب حالة الفقدان مصدر التصنيف حالة التلف غير قابل للإعارة المكتبة الرئيسية المكتبة الحالية موقع الرف تاريخ التزويد الرقم المتسلسل Total Checkouts رقم الإستدعاء تاريخ آخر ظهور تاريخ الفاتورة نوع المادة (كوها) الباركود
    Dewey Decimal Classification     مكتبة قتيبة للأطفال مكتبة قتيبة للأطفال الأطفال 06/11/2017 1666047   ط/ق/عبد 28/07/2025 06/11/2017 كتب PLD00409181
    Dewey Decimal Classification     مكتبة أم المؤمنين للأطفال مكتبة أم المؤمنين للأطفال الأطفال 28/07/2025 419531   ط/ق/عبد 28/07/2025 28/07/2025 كتب 419531
    Dewey Decimal Classification     مكتبة أم المؤمنين للأطفال مكتبة أم المؤمنين للأطفال الأطفال 28/07/2025 419580   ط/ق/عبد 28/07/2025 28/07/2025 كتب 419580
    Dewey Decimal Classification     مكتبة أم قصير والمقابلين العامة مكتبة أم قصير والمقابلين العامة الأطفال 06/07/2004 385849   ط/ق/عبد 28/07/2025 06/07/2004 كتب 385849
    Dewey Decimal Classification     مكتبة الأميرة ايمان العامة مكتبة الأميرة ايمان العامة الأطفال 21/12/2013 385833   ط/ق/عبد 28/07/2025 21/12/2013 كتب PLD00290748
    Dewey Decimal Classification     مكتبة الاميرة بديعة مكتبة الاميرة بديعة الأطفال 06/07/2004 385842   ط/ق/عبد 28/07/2025 06/07/2004 كتب 385842
    Dewey Decimal Classification Unchecked   مكتبة البراءة للأطفال مكتبة البراءة للأطفال الأطفال 28/07/2025 385835   ط/ق/عبد 28/07/2025 28/07/2025 كتب  
    Dewey Decimal Classification Unchecked   مكتبة الجويدة مكتبة الجويدة الأطفال 06/07/2004 385841   ط/ق/عبد 28/07/2025 06/07/2004 كتب  
    Dewey Decimal Classification     مكتبة الحسن العامة مكتبة الحسن العامة الأطفال 06/07/2004 385845   ط/ق/عبد 28/07/2025 06/07/2004 كتب 385845
    Dewey Decimal Classification Unchecked   مكتبة النصر العامة مكتبة النصر العامة الأطفال 06/07/2004 385846   ط/ق/عبد 28/07/2025 06/07/2004 كتب  
    Dewey Decimal Classification Unchecked   مكتبة حمزة العامة مكتبة حمزة العامة الأطفال 06/07/2004 385843   ط/ق/عبد 28/07/2025 06/07/2004 كتب  
    Dewey Decimal Classification     مكتبة حمزة العامة مكتبة حمزة العامة الأطفال 05/05/2018 1669305   ط/ق/عبد 28/07/2025 05/05/2018 كتب PLD00420231
    Dewey Decimal Classification     مكتبة صويلح العامة مكتبة صويلح العامة الأطفال 06/07/2004 385847   ط/ق/عبد 28/07/2025 06/07/2004 كتب 385847
Implemented & Customized by: BBB with SCIT (Smart Chains for Information Technology)

Powered by Koha